Tópicos en sistemática, biogeografía, ecología y conservación de mamíferos / (Registro nro. 7026)

Detalles MARC
000 -CABECERA
Campo de control 00842cam a2200229 i 4500
005 - FECHA Y HORA DE LA ULTIMA TRANSACCION
Campo de control 20200104041613.0
008 - ELEMENTOS DE LONGITUD FIJA—INFORMACION GENERAL
Campo de control 090624s2007 mx a b s000 0 spa
020 ## - ISBN
ISBN 9707690976
040 ## - FUENTE DE CATALOGACIÓN
Agencia catalogadora original DLC
Agencia transcriptora DLC
Agencia Modificadora CO-BoIAVH
041 ## - IDIOMA
Código de idioma para texto/pista de sonido o título separado Español
043 ## - GEOGRAPHIC AREA CODE
Geographic area code n-mx---
082 04 - NUMERO DE CLASIFICACION DECIMAL DEWEY
Número de clasificación 333.954
Número del ítem T67t
245 00 - MENCION DE TITULO
Título Tópicos en sistemática, biogeografía, ecología y conservación de mamíferos /
Mención de responsabilidad Gerardo Sánchez-Rojas, Alberto Rojas-Martínez, editores
260 ## - PUBLICACION, DISTRIBUCION, ETC. (PIE DE IMPRENTA)
Lugar de publicación, distribución, etc. Hidalgo :
Nombre del editor, distribuidor, etc. Universidad Autónoma del Estado de Hidalgo,
Fecha de publicación, distribución, etc. 2007
300 ## - DESCRIPCION FISICA
Extensión 214 p. :
Otros detalles físicos ill. ;
Dimensiones 27 cm.
650 14 - ASIENTO SECUNDARIO DE MATERIA - TERMINO TEMATICO
Término temático o nombre geográfico como elemento de entrada Mamíferos
Subdivisión general Conservación
9 (RLIN) 52484
650 24 - ASIENTO SECUNDARIO DE MATERIA - TERMINO TEMATICO
Término temático o nombre geográfico como elemento de entrada Conservación de la vida silvestre
9 (RLIN) 158
650 24 - ASIENTO SECUNDARIO DE MATERIA - TERMINO TEMATICO
Término temático o nombre geográfico como elemento de entrada Mamíferos
Subdivisión general Ecología
9 (RLIN) 52486
700 1# - ASIENTO SECUNDARIO - NOMBRE PERSONAL
Nombre personal Sánchez-Rojas, Gerardo,
Término de relación editor.
9 (RLIN) 52487
700 1# - ASIENTO SECUNDARIO - NOMBRE PERSONAL
Nombre personal Rojas-Martínez, Alberto,
Término de relación editor.
9 (RLIN) 52488
942 ## - ELEMENTOS ADICIONALES (KOHA)
Sistema de clasificación Dewey Decimal Classification
Tipo de ítem Libro
Existencias
Withdrawn status Lost status Sistema de Clasificación Damaged status No para préstamo Colección Inventariado Ubicación Permanente Ubicación actual Fecha de adquisición Fuente de Valor Valor Total Checkouts Número topográfico Inventario / Código de Barras Date last seen Ejemplar Price effective from Forma de adquisición Tipo de material
    Dewey Decimal Classification     General Inventariado 2017 Bogotá Bogotá 23/07/2009 Instituto 39000.00   LB-333.954 T67t 027377 04/12/2012 Ej.1 04/12/2012   Libro